Não erre mais! : (Record no. 982)

MARC details
000 -LÍDER
Campo Fixo de Controle 00685nam a2200229 a 4500
001 - NÚMERO DE CONTROLE
Campo de Controle 982
003 - IDENTIFICAÇÃO DO NÚMERO DE CONTROLE
Campo de Controle BR-CuiBMT
005 - DATA E HORA DA ÚLTIMA ATUALIZAÇÃO
Campo de Controle 20231124193312.0
008 - DADOS FIXOS
Dados Fixos 231111s2005 spba 001 0 por d
020 ## - INTERNATIONAL STANDARD BOOK NUMBER
Nº do ISBN 8529402731
040 ## - AGÊNCIA CATALOGADORA
Código da Agência Catalogadora BR-CuiBMT
Agência que transcreveu o registro BR-CuiBMT
080 ## - Nº DA CLASSIFICAÇÃO DECIMAL UNIVERSAL
Nº edição CDU 2007
Nº Class. CDU 81'36
090 ## - NÚMERO DE CHAMADA
Nº classificação 81'36
Cutter S119n
Ano/Edição 28. ed.
100 1# - ENTRADA PRINCIPAL -- AUTOR PESSOAL
Nome pessoal Sacconi, Luiz Antonio
245 10 - TÍTULO PRINCIPAL
Título principal Não erre mais! :
Subtítulo português agradável e descomplicado /
Indicação de responsabilidade Luiz Antonio Sacconi.
250 ## - EDIÇÃO
Edição 28. ed.
260 ## - PUBLICAÇÃO, DISTRIBUIÇÃO, ETC.
Local de publicação São Paulo :
Editora Harbra,
Data c2005.
300 ## - DESCRIÇÃO FÍSICA
N. páginas ou volumes 304 p. :
Ilustrações il. ;
Dimensões 28 cm
504 ## - NOTA DE BIBLIOGRAFIA, ETC.
Nota de bibliografia Inclui bibliografia e índice.
650 ## - ASSUNTO TÓPICO
Cabeçalho tópico ou nome geográfico Língua portuguesa
Subdivisão geral Gramática
-- Erros de uso.
942 ## - ELEMENTOS DE ENTRADA ADICIONAIS (KOHA)
Fonte de classificação ou esquema de arquivamento Classificação Decimal Universal
Tipo de item do Koha Livros
Holdings
Estado: removido Estado: perdido Fonte de classificação ou esquema de arquivamento Estado: danificado Indisponível para empréstimo Localização permanente Localização atual Data de aquisição Total Checkouts Número de Chamada completo Código de barras Date last seen Número do exemplar Preço efetivo a partir de Tipo de item (Koha)
    Classificação Decimal Universal     Biblioteca da Escola Superior de Contas do TCE/MT Biblioteca da Escola Superior de Contas do TCE/MT 24/11/2023   81'36 S119n 28. ed. BIBTCEMT23111049 24/11/2023 Ex. 1 24/11/2023 Livros

Powered by Koha